Pilotes rookies en F1 Podiums + Victoires - Statistiques

Statistiques générales
  • Ce quiz a été pris 77 fois
    29 depuis la dernière actualisation
  • Le résultat moyen est 8 sur 11
Statistiques - réponses
Année Victoire Podium 1er podium Réponse Nationalité % Correct
2025 0 1 Zandvoort (Pays-Bas) Isack Hadjar France
100%
2025 0 3 Montreal (Canada) Kimi Antonelli Italie
100%
2007 4 12 Albert Park (Australie) Lewis Hamilton Royaume-Uni
96%
2023 0 2 Suzuka (Japon) Oscar Piastri Australie
96%
2017 0 1 Red Bull Ring (Autriche) Lance Stroll Canada
92%
2001 1 4 Catalogne (Espagne) Juan Pablo Montoya Colombie
83%
2014 0 1 Albert Park (Australie) Kevin Magnussen Danemark
79%
2006 0 1 Monza (Italie) Robert Kubica Pologne
63%
2007 0 1 Fuji (Japon) Heikki Kovalainen Finlande
42%
2005 0 1 Indianapolis (USA) Tiago Monteiro Portugal
38%
2008 0 1 Hockenheim (Allemagne) Nelson Piquet Jr Brésil
29%
Aucun quiz correspondant
Distribution des résultats
% des personnes avec chaque résultat
Percentile par nombre de réponses
Votre historique - résultats
Vous n’avez pas pris ce quiz depuis la dernière actualisation